E - Crime (Record no. 15834)

MARC details
000 -LEADER
fixed length control field 00337nam a2200145Ia 4500
008 - FIXED-LENGTH DATA ELEMENTS--GENERAL INFORMATION
fixed length control field 221030s9999 xx 000 0 und d
041 ## - LANGUAGE CODE
Language code of text/sound track or separate title
082 ## - DEWEY DECIMAL CLASSIFICATION NUMBER
Classification number 105.6
100 ## - MAIN ENTRY--AUTHOR NAME
Personal name Sunil Mehra /1123
245 #0 - TITLE STATEMENT
Title E - Crime
250 ## - EDITION STATEMENT
Edition statement 2012
260 ## - PUBLICATION, DISTRIBUTION, ETC. (IMPRINT)
Name of publisher INF WIZ CHANDIGARH
Place of publication INF WIZ CHANDIGARH
Year of publication 2012
650 ## - SUBJECT ADDED ENTRY--TOPICAL TERM
Topical Term MCA
942 ## - ADDED ENTRY ELEMENTS (KOHA)
Koha item type Thesis
Holdings
Accession Number Full call number Price effective from Koha item type Withdrawn / writtenoff status Materials specified (bound volume or other part) Damaged status Not for loan Permanent Location Current Location Shelving location Date acquired Lost/ Missing status department
MCA-201 105.6 10/30/2022 Thesis   Print     MIET Library, Jammu MIET Library, Jammu BL-Academic Block -b, FL-2, CUP-0, SH-0, R-0 11/07/2015   MCA